AH International Schools' Libraries

(Khmer) Little Blessings: (Record no. 49954)

MARC details
000 -LEADER
fixed length control field 00438nam a2200133 4500
020 ## - INTERNATIONAL STANDARD BOOK NUMBER
International Standard Book Number 9789996375255
041 ## - LANGUAGE CODE
Language code of text/sound track or separate title English.
Language code of original and/or intermediate translations of text Khmer.
100 ## - MAIN ENTRY--PERSONAL NAME
Personal name Barnhill, Carla.
9 (RLIN) 87025
245 ## - TITLE STATEMENT
Title (Khmer) Little Blessings:
Remainder of title blessings everyday /
Statement of responsibility, etc Carla Barnhill.
260 ## - PUBLICATION, DISTRIBUTION, ETC. (IMPRINT)
Place of publication, distribution, etc Cambodia:
-- USA:
Name of publisher, distributor, etc Bible Society;
-- Zondervan;
Date of publication, distribution, etc 2001.
-- 2015.
300 ## - PHYSICAL DESCRIPTION
Extent unpaged.
Other physical details col. ill.
Dimensions 19 cm.
700 ## - ADDED ENTRY--PERSONAL NAME
Relator code illustrator.
Personal name Elena Kucharik.
9 (RLIN) 87026
942 ## - ADDED ENTRY ELEMENTS (KOHA)
Source of classification or shelving scheme
Koha item type Book
Holdings
Withdrawn status Lost status Source of classification or shelving scheme Damaged status Not for loan Collection code Home library Current library Date acquired Total Checkouts Full call number Barcode Date last seen Price effective from Koha item type
          Non-Fiction Asian Hope Siem Reap Asian Hope Siem Reap 12/10/2025   KHMER 220.9505 BAR 209689 12/10/2025 12/10/2025 Book

For any Logos Library related questions please contact Miss Art at swongnarasuk@asianhope.org.

For any Asian Hope Library related questions please contact Miss Raza at graza@asianhope.org.

Click here to explore our ebooks!

Powered by Koha